00000000cam 2200000zi 4500
0019.962518
003CaOODSP
00520260504104412
006m     o  d f      
007cr cn|||||||||
008260504s2026    onc     ob   f000 0 eng d
020 |z9780660996578 |q(incorrect)
040 |aCaOODSP|beng|erda|cCaOODSP
043 |an-cn---
0861 |aPS83-5/SR-26-01E-PDF|zPS84-261/2026E-PDF
24500|aWhat we know about security threat groups (STGs).
264 1|a[Ottawa] : |bCorrectional Service Canada = Service correctionnel Canada, |c2026.
300 |a1 online resource (1 page).
336 |atext|btxt|2rdacontent
337 |acomputer|bc|2rdamedia
338 |aonline resource|bcr|2rdacarrier
4901 |aResearch at a glance ; |vSR-26-01
500 |aIssued also in French under title: Ce que nous savons au sujet des groupes menaçant la sécurité.
500 |aIncorrect catalogue number (PS84-261/2026E-PDF) and ISBN (9780660996578) printed in this publication.
504 |aIncludes bibliographical references.
520 |a"The Correctional Service of Canada (CSC) defines Security Threat Groups (STGs) as "any formal or informal on-going inmate/offender group, gang, organization or association consisting of three or more members" (Commissioner's Directive 568-3, 2016). Offenders affiliated with STGs can pose population management and operational security concerns for CSC. Understanding various aspects of the history and characteristics of these offenders assists CSC in its identification, prevention, management, and disengagement strategies. This special report synthesizes high level information based on 16 research publications (two full reports and 14 one-pagers). Infographics are also included"--Introduction.
650 0|aPrison gangs|zCanada.
650 0|aGang members|zCanada.
650 0|aPrisoners|zCanada.
7102 |aCorrectional Service Canada, |eissuing body.
77508|tCe que nous savons au sujet des groupes menaçant la sécurité.|w(CaOODSP)9.962519
830#0|aResearch at a glance (Correctional Service Canada)|vSR-26-01.|w(CaOODSP)9.506649
85640|qPDF|s681 KB|uhttps://publications.gc.ca/collections/collection_2026/scc-csc/PS83-5-SR-26-01-eng.pdf